| 000 | 00354nam a2200145Ia 4500 | ||
|---|---|---|---|
| 008 | 150201s2012 xx 000 0 und d | ||
| 082 |
_a617.6 _bS2006J |
||
| 100 | _aJENSEN, OLE T. | ||
| 245 | _aTHE SINUS BONE GRAFT | ||
| 250 | _a1ST | ||
| 260 |
_bQUINTESSENCE PUBLICATION _aCHICAGO _c0 |
||
| 300 | _a1-365 | ||
| 650 | _aPROSTHODONTICS | ||
| 942 |
_2ddc _cBK |
||
| 999 |
_c4475 _d4475 |
||